000 01115nam a22003251i 4500
001 015841178
003 EG-ScBUE
005 20230404103541.0
008 110704s2011 maua f b 001 0 eng d
020 _a9780262516662 (pbk.)
020 _a0262516667 (pbk.)
040 _aStDuBDS
_beng
_erda
_cStDuBDS
_dUk
_dEG-ScBUE
082 0 4 _a770.1
_222
_bPHO
245 0 0 _aPhotography degree zero :
_breflections on Roland Barthes's Camera lucida /
_cedited by Geoffrey Batchen.
264 1 _aCambridge :
_bThe MIT Press,
_c2011.
300 _ax, 287 pages :
_billustrations ;
_c23 cm
336 _atext
_2rdacontent
_btxt
337 _aunmediated
_2rdamedia
_bn
338 _avolume
_2rdacarrier
_bnc
500 _aOriginally published: 2009.
504 _aIncludes bibliographical references and index.
600 1 7 _aBarthes, Roland.
_tChambre claire.
_2BUEsh
650 7 _aPhotography
_xPhilosophy.
_2BUEsh
650 7 _aPhotography, Artistic.
_2BUEsh
650 7 _aPhotographic criticism.
_2BUEsh
653 _bART
_cApril2023
655 _vReading book
700 1 _aBatchen, Geoffrey,
_eeditor.
942 _2ddc
_cBB
999 _c30262
_d30233